00317nam a2200121Ia 4500008004100000041000800041082001500049100001900064245004400083260002500127300003200152365001100184240624s9999 xx 000 0 und d aeng a657.42 NIG aNIGAM B M LALL aCOST ACCOUNTING PRINCIPLES AND PRACTICE c2014aNew DelhibPHI axii, : 1164 : p. : cm. ; 26 cRSb33